<?xml version="1.0" encoding="UTF-8"?>
<record
    xmlns:xsi="http://www.w3.org/2001/XMLSchema-instance"
    xsi:schemaLocation="http://www.loc.gov/MARC21/slim http://www.loc.gov/standards/marcxml/schema/MARC21slim.xsd"
    xmlns="http://www.loc.gov/MARC21/slim">

  <leader>01979 am a2200217 a 4500</leader>
  <controlfield tag="005">20240815112440.0</controlfield>
  <controlfield tag="008">100615s1993||||ag #   g |||| 000 0 spa d</controlfield>
  <datafield tag="020" ind1=" " ind2=" ">
    <subfield code="a">9507220372</subfield>
  </datafield>
  <datafield tag="041" ind1=" " ind2=" ">
    <subfield code="a">spa</subfield>
  </datafield>
  <datafield tag="092" ind1=" " ind2=" ">
    <subfield code="c">880</subfield>
    <subfield code="l">51</subfield>
    <subfield code="s">MAR</subfield>
  </datafield>
  <datafield tag="100" ind1="1" ind2=" ">
    <subfield code="a">Marin, Dolores.</subfield>
    <subfield code="9">1215</subfield>
  </datafield>
  <datafield tag="245" ind1=" " ind2=" ">
    <subfield code="a">Hip&#xF3;crates.</subfield>
    <subfield code="b">Aforismos / </subfield>
    <subfield code="c">Dolores Mar&#xED;n.</subfield>
  </datafield>
  <datafield tag="250" ind1=" " ind2=" ">
    <subfield code="a">1a ed.</subfield>
    <subfield code="b">Selecci&#xF3;n, traducciones y pr&#xF3;logo de Dolores Marin.</subfield>
  </datafield>
  <datafield tag="260" ind1=" " ind2=" ">
    <subfield code="a">Buenos Aires: </subfield>
    <subfield code="b">Andr&#xF3;meda;</subfield>
    <subfield code="c">1993.</subfield>
  </datafield>
  <datafield tag="300" ind1=" " ind2=" ">
    <subfield code="a">121 p.</subfield>
  </datafield>
  <datafield tag="500" ind1=" " ind2=" ">
    <subfield code="a">Marin, D. (1993). Hip&#xF3;crates. Aforismos. (1a ed.). Buenos Aires : Andromeda.</subfield>
  </datafield>
  <datafield tag="505" ind1=" " ind2=" ">
    <subfield code="a">Hip&#xF3;crates, el padre de la medicina, naci&#xF3; en la isla de Cos alrededor del a&#xF1;o 460 C.C., y muri&#xF3; en el 395 A.C. Fue el m&#xE9;dico m&#xE1;s famoso de la Antigua Grecia, y a &#xE9;l se le atribuyen los numerosos tratados de medicina de la &#xE9;poca. Pero su verdadera importancia estriba en el hecho de que, a partir de &#xE9;l, la ciencia m&#xE9;dica se desvincula de la concepci&#xF3;n religiosa, y de todas las pr&#xE1;cticas supersticiosas con las que se ha asociado el proceso de curaci&#xF3;n o el tratamiento de las enfermedades. Seg&#xFA;n Hip&#xF3;crates, la enfermedad era consecuencia de la desproporci&#xF3;n o impureza de los cuatro humores fundamentales: sangre, flema, bilis amarilla y bilis negra, que corresponden a los cuatro elementos naturales: aire, tierra, agua y fuego. La acci&#xF3;n de los elementos era regida por la vis natural (fuerza de la naturaleza), por la cual el cuerpo enfermo, seg&#xFA;n su teor&#xED;a, poseer&#xED;a una tendencia natural a curarse a s&#xED; mismo, eliminando y combatiendo la impureza de los humores. El m&#xE9;dico simplemente deb&#xED;a observar con atenci&#xF3;n el curso de la enfermedad, e intervenir en auxilio de la naturaleza en el momento preciso. En los Aforismo que aqu&#xED; presentamos se resumen, de manera pr&#xE1;ctica y comprensible, los fundamentos de sus teor&#xED;as curativas y de observaci&#xF3;n, que dar&#xED;an origen a la ciencia m&#xE9;dica en occidente. </subfield>
  </datafield>
  <datafield tag="653" ind1=" " ind2=" ">
    <subfield code="a">Literatura</subfield>
  </datafield>
  <datafield tag="930" ind1=" " ind2=" ">
    <subfield code="a">1688</subfield>
  </datafield>
  <datafield tag="942" ind1=" " ind2=" ">
    <subfield code="2">ddc</subfield>
    <subfield code="c">BK</subfield>
  </datafield>
  <datafield tag="999" ind1=" " ind2=" ">
    <subfield code="c">372</subfield>
    <subfield code="d">372</subfield>
  </datafield>
  <datafield tag="952" ind1=" " ind2=" ">
    <subfield code="0">0</subfield>
    <subfield code="1">0</subfield>
    <subfield code="2">ddc</subfield>
    <subfield code="4">0</subfield>
    <subfield code="7">0</subfield>
    <subfield code="a">BFM</subfield>
    <subfield code="b">BFM</subfield>
    <subfield code="c">CR</subfield>
    <subfield code="d">2011-05-13</subfield>
    <subfield code="l">1</subfield>
    <subfield code="o">880 51 MAR</subfield>
    <subfield code="p">1688</subfield>
    <subfield code="r">2014-11-06</subfield>
    <subfield code="s">2013-08-30</subfield>
    <subfield code="t">ej.1</subfield>
    <subfield code="w">2011-05-13</subfield>
    <subfield code="y">LIT</subfield>
  </datafield>
</record>
